000 005470000a22001930004500
999 _c48772
_d48772
001 1614
003 CO-MdFUSB
005 20180517142258.0
008 180517b xxu||||| |||| 00| 0 eng d
020 _a958-30-0412-X
040 _cCO-MdBIC
082 0 4 _a796 P41a
100 1 _aPerea Rosero, Túcides
245 1 0 _aAtletismo : reglamento oficial ilustrado / Túcides Perea Rosero ; ilustraciones Henry González Torres
260 _aBogotá : Panamericana Editorial
300 _a308 P.
650 1 4 _aAtletismo - Reglamentos
942 _cLGB